000 00719nam a22002417a 4500
001 21070
003 UA-OsUOA
005 20210721094941.0
007 ta
008 20031113b un ||||| |||| 00| 0 ukr d
040 _aUA-OsUOA
_bukr
_cUA-OsUOA
_dUA-OsUOA
041 _aukr
044 _aUA
080 _a94(47+57)"1941/1945"
090 _a94(47+57)"1941/1945"
_bВ29
245 _aВенок славы: в 12-ти томах
_cН. В. Свиридов, М. Н. Алексеев, Ю. В. Бондарев
260 _aМосква
_bСовременник
_c1984
300 _a750 с.
_bил.
505 _gТ. 1
_tВставай, страна огромная
650 7 _2UDC
942 _cBK
_2udc
955 _a0
999 _c307263
_d307263